Engineering Physics Vol. II (Record no. 18808)

MARC details
000 -LEADER
fixed length control field 00332nam a2200133Ia 4500
008 - FIXED-LENGTH DATA ELEMENTS--GENERAL INFORMATION
fixed length control field 221030s9999 xx 000 0 und d
041 ## - LANGUAGE CODE
Language code of text/sound track or separate title
100 ## - MAIN ENTRY--AUTHOR NAME
Personal name K. K. Sharma
245 #0 - TITLE STATEMENT
Title Engineering Physics Vol. II
Statement of responsibility, etc by K. K. Sharma
260 ## - PUBLICATION, DISTRIBUTION, ETC. (IMPRINT)
Name of publisher Kiriti Publishers
Place of publication Jammu
Year of publication 0
300 ## - PHYSICAL DESCRIPTION
Number of Pages 207
650 ## - SUBJECT ADDED ENTRY--TOPICAL TERM
Topical Term BB Physics
942 ## - ADDED ENTRY ELEMENTS (KOHA)
Koha item type Books
Holdings
Accession Number Price effective from Koha item type Withdrawn / writtenoff status Materials specified (bound volume or other part) Damaged status Not for loan Permanent Location Current Location Shelving location Date acquired Lost/ Missing status department
BB 1054 10/30/2022 Books   Print     MIET Library, Jammu MIET Library, Jammu BL-, FL-, CUP-104, SH-4, R-4 04/15/2022   BB